Percepciones sobre la educación inclusiva: la visión de quienes se forman para docentes (Record no. 192570)
[ view plain ]
| 000 -CABECERA | |
|---|---|
| campo de control de longitud fija | 02002nab a2200289 a 4500 |
| 005 - FECHA Y HORA DE LA ÚLTIMA TRANSACCIÓN | |
| campo de control | 20250303090528.0 |
| 008 - ELEMENTOS DE LONGITUD FIJA--INFORMACIÓN GENERAL | |
| campo de control de longitud fija | 991125c2017 mx fr p o 000 0 spa d |
| 035 ## - NÚMERO DE CONTROL DEL SISTEMA | |
| Número de control de sistema | UPN01000220471 |
| 040 ## - FUENTE DE LA CATALOGACIÓN | |
| Centro catalogador/agencia de origen | UPN |
| Lengua de catalogación | spa |
| Centro/agencia transcriptor | UPN |
| Normas de descripción | aacr2 |
| 049 ## - COLECCIÓN | |
| Colección | ART-E |
| 100 1# - ASIENTO PRINCIPAL--NOMBRE PERSONAL | |
| Nombre de persona | Sevilla Santo, Dora Esperanza |
| Enlace | - dora.sevilla@correo.uady.mx |
| 100 1# - ASIENTO PRINCIPAL--NOMBRE PERSONAL | |
| Nombre de persona | Martín Pavón, Mario José |
| 100 1# - ASIENTO PRINCIPAL--NOMBRE PERSONAL | |
| Nombre de persona | Jenaro Río, Cristina |
| 245 10 - MENCIÓN DE TÍTULO | |
| Título | Percepciones sobre la educación inclusiva: la visión de quienes se forman para docentes |
| Medio | [recurso electrónico en línea] |
| 506 0# - NOTA DE RESTRICCIONES AL ACCESO | |
| Limitaciones de acceso | Acceso abierto |
| 520 3# - NOTA DE RESUMEN, ETC. | |
| Sumario, etc. | El objetivo del estudio fue identificar la percepción de futuros docentes sobre la educación inclusiva y explorar el impacto del proceso formativo sobre ésta; partiendo del supuesto de que la percepción que tengan impactará en la manera en que respondan a las peculiaridades de sus estudiantes. El estudio se desarrolló bajo el paradigma cuantitativo, con un diseño correlacional y de tipo ex post facto. Para la recolección de la información se utilizó la Escala de percepciones sobre la inclusión de Larrivee y Cook. Los datos recogidos mediante un muestreo por conglomerados corresponden a 1,150 alumnos, 922 de tres escuelas Normales y 228 de los campus de la Facultad de Educación de la Universidad Autónoma de Yucatán. Los resultados indican que aunque los futuros docentes se perciben aptos para atender la diversidad, su percepción hacia la educación inclusiva es negativa, evidenciándose la falta de disposición para atender a este colectivo. |
| 650 #2 - ASIENTO SECUNDARIO DE MATERIA - TERMINO TEMATICO | |
| 9 (RLIN) | 15705 |
| Término de materia o nombre geográfico como elemento de entrada | Diversidad |
| 650 #4 - ASIENTO SECUNDARIO DE MATERIA - TERMINO TEMATICO | |
| 9 (RLIN) | 7100 |
| Término de materia o nombre geográfico como elemento de entrada | Educación inclusiva |
| 653 0# - TERMINO DE INDIZACION - NO CONTROLADO | |
| Término no controlado | Necesidades educativas |
| 653 0# - TERMINO DE INDIZACION - NO CONTROLADO | |
| Término no controlado | Percepción docente |
| 773 ## - ENLACE AL DOCUMENTO FUENTE/ENTRADA DE REGISTRO ANFITRIÓN | |
| Parte(s) relacionada(s) | No. 25 (2017), p. 83-113 |
| Título | CPU-e, revista de investigación educativa |
| Número Internacional Normalizado para Publicaciones Seriadas | 1870-5308 |
| 856 4# - LOCALIZACIÓN Y ACCESO ELECTRÓNICOS | |
| Identificador Uniforme del Recurso | <a href="https://cpue.uv.mx/index.php/cpue/article/view/2536">https://cpue.uv.mx/index.php/cpue/article/view/2536</a> |
| 856 4# - LOCALIZACIÓN Y ACCESO ELECTRÓNICOS | |
| Identificador Uniforme del Recurso | <a href="https://doi.org/10.25009/cpue.v0i25.2536">https://doi.org/10.25009/cpue.v0i25.2536</a> |
| 902 ## - ELEMENTOS DE DATOS B LOCAL, LDB (RLIN) | |
| Creó | Gloria Jiménez/0624 |
| 905 ## - TIPO DE MATERIAL | |
| Tipo de material | Articulo |
| 942 ## - ELEMENTOS DE PUNTO DE ACCESO ADICIONAL (KOHA) | |
| Tipo de ítem Koha | Artículo Electrónico |
| Estado de retiro | Estado de pérdida | Estado dañado | No para préstamo | Código de colección | Localización permanente | Ubicación/localización actual | Ubicación en estantería | Fecha de adquisición | Total de préstamos | Fecha visto por última vez | Identificador Uniforme del Recurso | Precio válido a partir de | Tipo de ítem Koha |
|---|---|---|---|---|---|---|---|---|---|---|---|---|---|
| Acceso abierto | Bib. Gregorio Torres Quintero | Bib. Gregorio Torres Quintero | En línea | 05/06/2024 | 05/06/2024 | https://doi.org/10.25009/cpue.v0i25.2536 | 05/06/2024 | Artículo Electrónico |
